000 01235nam a2200253Ia 4500
999 _c38803
_d38803
001 5166
003 GE_BSU
005 20190529201454.0
008 181216s1985||||ge |||||||||||||| ||geo||
040 _cGE_BSU
041 _ageo
080 _a546(075.8) ა-76
245 _aარაორგანული ქიმიის კურსი. ნ.2 :
_bდ.ი.მენდელეევის პერიოდული სისტემის ელემენტებისა და მათი ნაერთების ქიმია /
_cდ.გვარამაძე ; გ. ცინცაძე ; პ.გაგნიძე ; პ. ხარაიძე ; რედ : თ.კობერიძე.
264 _aთბილისი :
_bგანათლება,
_c1985.
300 _a240 გვ .:
_c21 სმ.
653 _aარაორგანული ქიმია
653 _aქიმია
700 _aგვარამაძე, დ
_91766
700 _aცინცაძე, გ
_91759
700 _aგაგნიძე, პ
_91784
700 _aხარაიძე, პ
_91815
700 _aკობერიძე, თ
_eრედაქტორი
_91783
942 _cBK
_2udc